Statistiques concernant Qui suis-je

Cliquez ici pour prendre le quiz!

Statistiques générales

  • Ce quiz a été pris 106 fois
  • Le résultat moyen est 9 sur 15

Statistiques - réponses

QuestionRéponse% Correct
Je suis une femme du 20e siècle qui épiça sa vie par deux fois d'un prix prestigieuxCurie
91%
Je suis un homme du 15e siècle qui figea le sourire d'une incconue de tousDe Vinci
89%
Je suis un homme du 19e siècle qui dans cette période de progrès à constaté l'évolutionDarwin
78%
Je suis un homme du 19e siècle qui portait le nom du père des croyants, assassiné je suis à jamais assis dans mon siège de pierreLincoln
77%
Je suis un homme du 19e siècle qui était équipé de petite jambe italienne et prit de la hauteur pour échapper à l'envahisseurGambetta
73%
Je suis un homme du 19 siècle qui fit la guerre tomba dans le pétrin mais jamais ne cotoya le fournilBoulanger
70%
Je suis un homme du 18e siècle qui fit le récit de ses aventures dans la plus belle des prose installé dans sa maison neuveCasanova
70%
Je suis un homme du 13e siècle qui bien qu'à la tête d'une armée d'idiot possédait un empire à la mesure de mon titre de souverain universelGengis Khan
67%
Je suis un homme du 20e siècle qui sans être paysan mais homme de guerre aurait pu couper les blésFoch
59%
Je suis une femme du 19e siècle qui possédait un ravissant harnachement tout en habitant d'excellent logementJoséphine de Beauharnais
57%
Je suis un homme du 19e siècle qui Nonobstant l'Obsession Bête Explora le LiechtensteinNobel
51%
Je suis un homme du 20e siècle dont les plans ne connurent pas un hic au point qu'il siégea au bureau ovalEisenhower
45%
Je suis un homme de l'Antiquité qui bien que un est venu en nombre menacé la pax romanaAttila
35%
Je suis un homme du 20e siècle qui sans la faire la traversa bien avant qu'un tunnel ne le fasseBlériot
35%
Je suis un homme du 20e siècle qui s'amusait d'un arbre méditérranéen comme jouet pour bébéPinochet
21%

Distribution des résultats

Percentile par nombre de réponses

% des personnes avec chaque résultat

Votre développement - résultats

Vous n’avez pas pris ce quiz